Alle Länder unter germanischer Herrschaft (mit Karte) - Statistiken

Allgemein
  • Dieses Quiz wurde 14 mal gespielt
  • Das Durchschnittsergebnis liegt bei 148 aus 177
Antworten auf der Karte
Die Antworten werden auf der Karte rot bzw. grün angezeigt, abhängig davon wie oft sie richtig erraten wurden.
 
Antwortstatistiken
Land % Korrekt
Albanien
100%
Andorra
100%
Belarus
100%
Chile
100%
Dänemark
100%
Deutschland
100%
Estland
100%
Finnland
100%
Frankreich
100%
Grossbritannien
100%
Irland
100%
Israel
100%
Kanada
100%
Lettland
100%
Litauen
100%
Mexiko
100%
Monaco
100%
Norwegen
100%
Österreich
100%
Polen
100%
Portugal
100%
Rumänien
100%
Russland
100%
Schweden
100%
Schweiz
100%
Serbien
100%
Slowakei
100%
Slowenien
100%
Spanien
100%
Tschechien
100%
Türkei
100%
Ukraine
100%
Ungarn
100%
Vatikanstadt
100%
Vereinigte Staaten
100%
Ägypten
90%
Australien
90%
Bahamas
90%
Bangladesch
90%
Belgien
90%
Bolivien
90%
Bosnien und Herzegowina
90%
Botswana
90%
Brasilien
90%
Bulgarien
90%
China
90%
Costa Rica
90%
Demokratische Republik Kongo
90%
Ecuador
90%
El Salvador
90%
Griechenland
90%
Guyana
90%
Haiti
90%
Honduras
90%
Indien
90%
Indonesien
90%
Irak
90%
Iran
90%
Island
90%
Japan
90%
Jemen
90%
Jordanien
90%
Katar
90%
Kolumbien
90%
Kosovo
90%
Kroatien
90%
Libanon
90%
Libyen
90%
Liechtenstein
90%
Luxemburg
90%
Madagaskar
90%
Malaysia
90%
Malediven
90%
Malta
90%
Mauretanien
90%
Moldau
90%
Montenegro
90%
Myanmar
90%
Namibia
90%
Neuseeland
90%
Niederlande
90%
Nigeria
90%
Oman
90%
Paraguay
90%
Peru
90%
Republik Kongo
90%
Ruanda
90%
Sambia
90%
San Marino
90%
Sri Lanka
90%
Südafrika
90%
Tunesien
90%
Uganda
90%
Uruguay
90%
Vanuatu
90%
Venezuela
90%
Vereinigte Arabische Emirate
90%
Zentralafrikanische Republik
90%
Zypern
90%
Afghanistan
80%
Angola
80%
Äthiopien
80%
Belize
80%
Bhutan
80%
Burundi
80%
Dominikanische Republik
80%
Eritrea
80%
Fidschi
80%
Gabun
80%
Gambia
80%
Georgien
80%
Guatemala
80%
Guinea-Bissau
80%
Jamaika
80%
Kamerun
80%
Kap Verde
80%
Kenia
80%
Kuba
80%
Kuwait
80%
Lesotho
80%
Malawi
80%
Marokko
80%
Marshallinseln
80%
Nepal
80%
Nicaragua
80%
Nordmazedonien
80%
Pakistan
80%
Panama
80%
Papua-Neuguinea
80%
Philippinen
80%
Senegal
80%
Seychellen
80%
Simbabwe
80%
Somalia
80%
St. Vincent und die Grenadinen
80%
Sudan
80%
Südsudan
80%
Suriname
80%
Syrien
80%
Tansania
80%
Turkmenistan
80%
Vietnam
80%
Barbados
70%
Benin
70%
Dschibuti
70%
Eswatini
70%
Ghana
70%
Osttimor
70%
São Tomé und Príncipe
70%
Saudi-Arabien
70%
Sierra Leone
70%
Singapur
70%
Togo
70%
Tonga
70%
Tuvalu
70%
Algerien
60%
Antigua und Barbuda
60%
Äquatorialguinea
60%
Grenada
60%
Kiribati
60%
Mauritius
60%
Mikronesien
60%
Nauru
60%
Palau
60%
Salomonen
60%
Samoa
60%
St. Kitts und Nevis
60%
St. Lucia
60%
Dominika
50%
Mosambik
50%
Taiwan
50%
Trinidad und Tobago
50%
Argentinien
40%
Bahrain
40%
Brunei
40%
Italien
40%
Aserbaidschan
30%
Keine übereinstimmenden Quizze gefunden
Verteilung der Resultate
Anzahl Personen mit jedem Resultat
Perzentil nach korrekt beantworteten Fragen
Ihre Resultats-Entwicklung
Sie haben dieses Quiz noch nicht gespielt